| 000 | 00764ngm a22003010a 4500 | ||
|---|---|---|---|
| 001 | PT19514 | ||
| 003 | AR-LpoUNG | ||
| 005 | 20210202000310.0 | ||
| 007 | vd cvaizq | ||
| 008 | 191001s1979||||ag |||||||||||||||||eng d | ||
| 037 | _c$9.96 | ||
| 040 |
_aAR-LpoUNG _bspa _cAR-LpoUNG _eaacr |
||
| 041 |
_aeng _aspa |
||
| 044 | _aag | ||
| 082 | 0 | _a792.5 879don | |
| 100 | 1 |
_aLosey, Joseph _edir. |
|
| 245 | 1 | 0 | _aDon Giovanni |
| 260 |
_aBuenos Aires : _bTVC Internacional, _c1979. |
||
| 300 | _aVHS (128 min.) : son., col. | ||
| 505 | 0 | _aDiálogos en inglés, subtítulos en castellano | |
| 520 | _aRecreación de la Opera de Mozart. | ||
| 650 | 4 | _aMUSICA | |
| 650 | 4 | _aTEATRO | |
| 653 | _aOPERA | ||
| 653 | _aVIDEOS | ||
| 905 | _a19514 | ||
| 942 | _cVIDEO | ||
| 999 |
_c54552 _d54552 |
||